Uvod u ekonomiku obrazovanija

Gespeichert in:
Bibliographische Detailangaben
1. Verfasser: Jašic, Zoran
Format: Buch
Sprache:Serbisch
Veröffentlicht: Zagreb Informator 1979
Tags: Tag hinzufügen
Keine Tags, Fügen Sie das erste Tag hinzu!

MARC

LEADER 00000nam a2200000 4500
001 c128582
005 20250701083704.4
041 0 |a srp 
044 |a YU 
245 1 0 |a Uvod u ekonomiku obrazovanija  |c Zoran Jašic 
264 1 |a Zagreb  |b Informator  |c 1979 
300 |a 194 s. 
100 1 |a Jašic, Zoran